Ballon d'Or - classement 2014 - Statistiques

Statistiques générales
  • Ce quiz a été pris 79 fois
  • Le résultat moyen est 20 sur 23
Statistiques - réponses
Poste Club Nationalité Rang Réponse % Correct
Attaquant Real Madrid Portugal 1 Cristiano Ronaldo
100%
Attaquant FC Barcelone Argentine 2 Lionel Messi
100%
Gardien Bayern Munich Allemagne 3 Manuel Neuer
100%
Attaquant FC Barcelone Brésil 7 Neymar
97%
Attaquant Bayern Munich Pays Bas 4 Arjen Robben
94%
Attaquant Real Madrid France 16 Karim Benzema
94%
Attaquant Bayern Munich Allemagne 5 Thomas Müller
94%
Attaquant Paris Saint-Germain Suède 13 Zlatan Ibrahimović
94%
Attaquant Real Madrid Pays de Galles 12 Gareth Bale
93%
Défenseur Real Madrid Espagne 23 Sergio Ramos
93%
Milieu Real Madrid Allemagne 9 Toni Kroos
93%
Milieu Real Madrid Colombie 8 James Rodríguez
91%
Milieu FC Barcelone Espagne 17 Andrés Iniesta
90%
Milieu Juventus France 22 Paul Pogba
90%
Milieu Manchester City Côte d'Ivoire 14 Yaya Touré
90%
Gardien Chelsea Belgique 20 Thibaut Courtois
88%
Milieu Chelsea Belgique 21 Eden Hazard
87%
Milieu Manchester United Argentine 10 Ángel Di María
78%
Défenseur FC Barcelone Argentine 19 Javier Mascherano
76%
Milieu Bayern Munich Allemagne 18 Bastian Schweinsteiger
69%
Attaquant Chelsea Espagne 11 Diego Costa
68%
Défenseur Bayern Munich Allemagne 6 Philipp Lahm
63%
Milieu Bayern Munich Allemagne 15 Mario Götze
46%
Aucun quiz correspondant
Distribution des résultats
% des personnes avec chaque résultat
Percentile par nombre de réponses
Votre historique - résultats
Vous n’avez pas pris ce quiz